| 000 | 00918nac a22002411u 4500 | ||
|---|---|---|---|
| 010 | _a 2001094813 | ||
| 020 | _a0672323087 | ||
| 082 | 0 | 0 |
_a005.13/3 _bL167 |
| 090 |
_c485 _d485 |
||
| 100 | _aLafore, Robert | ||
| 245 | 1 | 0 |
_aObject-oriented programming in C++ / _cRobert Lafore. |
| 250 | _a4th ed. | ||
| 260 |
_aIndianapolis, Ind. : _bSams Publishing, _cc2002. |
||
| 300 |
_axix, 1012 p. : _bill. ; _c24 cm. |
||
| 500 | _aRev. ed. of: Waite Group's object-oriented programming in C++, c1999. | ||
| 500 | _aIncludes index. | ||
| 650 | 0 | _aObject-oriented programming (Computer science) | |
| 650 | 0 | _aC++ (Computer program language) | |
| 700 | 1 | _aLafore, Robert | |
| 710 | 2 | _aWaite Group. | |
| 942 |
_cBB _k005.13/3L167 |
||
| 999 |
_c485 _d485 |
||